000 00860 a2200277 4500
003 CBULib
005 20250717092201.0
008 250717b |||||||| |||| 00| 0 eng d
020 _a9781529600674
040 _bEnglish
_cCBULib
_erda
041 _aeng
050 _aHF 5549 Hum
100 _aCrawshaw, Jonathan
245 _aHuman resource management : strategic and international perspectives
_c/ edited by Jonathan Crawshaw ; Pawan Budhwar and Ann Davis
250 _aFourth edition
260 _bSAGE,
_c2024
_aLondon :
300 _axii, 399 pages
336 _2rdacontent
_aText |
_btxt
337 _2rdamedia
_aUnmediated |
_bn
338 _2rdacarrier
_aVolume
_bnc
650 0 _94686
_aPERSONNEL MANAGEMENT
650 0 _94014
_aBUSINESS AND MANAGEMENT
700 _94670
_aBudhwar, Pawan
700 _94671
_aDavis, Ann
942 _2lcc
_c002
999 _c86249
_d86249